| 000 | 00611nam a22002177a 4500 | ||
|---|---|---|---|
| 005 | 20170124110116.0 | ||
| 010 | _a457871 | ||
| 020 | _c00.00 | ||
| 035 | _a457871 | ||
| 037 | _bCen Lib/Ret | ||
| 040 |
_aDPL _bEN |
||
| 082 |
_aS _bVER |
||
| 100 |
_aVerne, Jules _926962 |
||
| 245 |
_aYesterday and tomorrow / _cby Jules Verne; translated by I.O. Evans |
||
| 260 |
_aLondon _bArco Publications _c1965 |
||
| 270 | _bLondon | ||
| 300 |
_a188p. _c17cm(Hb) |
||
| 650 |
_aShort stories, French -- Translations into English _972573 |
||
| 650 |
_aShort stories, French _972574 |
||
| 942 |
_2ddc _cEN _hS _mVER |
||
| 999 |
_c130777 _d130777 |
||